The castle of Chillon and its prisoner

This book major is presented about the beach to the north of the castle, the castle seen from the east, paln of Chillon, the castle seen from the south,...

Guardat en:
Dades bibliogràfiques
Autor principal: Gifford, G. Barry
Format: Llibre
Idioma:Undetermined
Publicat: Lausanne (Switzerland) Editions "La Tramontane" 1968
Matèries:
Etiquetes: Afegir etiqueta
Sense etiquetes, Sigues el primer a etiquetar aquest registre!
Thư viện lưu trữ: Trung tâm Học liệu Trường Đại học Cần Thơ
LEADER 00733nam a2200205Ia 4500
001 CTU_109218
008 210402s9999 xx 000 0 und d
082 |a 914.94 
082 |b G458 
100 |a Gifford, G. Barry 
245 4 |a The castle of Chillon and its prisoner 
245 0 |c G. Barry Gifford 
260 |a Lausanne (Switzerland) 
260 |b Editions "La Tramontane" 
260 |c 1968 
520 |a This book major is presented about the beach to the north of the castle, the castle seen from the east, paln of Chillon, the castle seen from the south,... 
650 |a Château de chillon (veytaux, switzerland) 
650 |x Guidebooks 
904 |i Giang 
980 |a Trung tâm Học liệu Trường Đại học Cần Thơ